000 00507nam a22001817a 4500
003 OSt
005 20140310182355.0
008 131001t xxu||||| |||| 00| 0 eng d
020 _a9813029048
050 _aPZ 8
_b.F254 1996
082 _aGS 398.957
_bF268 1993
100 _aFatt, Chong Kum
_915674
245 _aJokes, comic tales & proverbs from Korea /
_cChong Kum Fatt.
260 _aSingapore :
_bAsiapac,
_c1996.
300 _a131 p. :
_bill. ;
_c22 cm.
942 _2lcc
_cBK-GS
999 _c12468
_d12468